000 00642nam a2200193 a 4500
001 000013468
005 20200929163235.0
008 091125s1977 dr a 000 0 spa d
040 _aDO-SdBNP
082 _a575.1
_bM553g
100 1 _aMercedes, Ruperto Alejandro
_930777
245 1 0 _aGenética general y aplicada /
_cRuperto Alejandro Mercedes.
260 _aLa Vega :
_bEscuela Agrícola Salesiana,
_c1977.
300 _a127 p. :
_bil. ;
_c22 cm.
500 _aIncluye notas al pie de las páginas
504 _aIncluye referencias bibliográficas (p. 123-124)
650 4 _aEscuela agricola salesiana
_xHistoria
_930778
049 _aBNPD
999 _c13092
_d13092